Dernière Danse - Indila - Statistiques

Statistiques générales
  • Ce quiz a été pris 1 278 fois
  • Le résultat moyen est 218 sur 272
Statistiques - réponses
Paroles % Correct
dans
96%
Dans
96%
Je
96%
je
96%
le
96%
de
95%
Et
94%
et
94%
danse
93%
la
93%
ma
93%
un
93%
Un
93%
peu
91%
nuit
89%
jour
88%
ciel
87%
pluie
87%
tout
87%
avec
86%
vent
86%
douce
85%
j'ai
85%
J'ai
85%
souffrance
85%
d'amour
83%
miel
83%
Oh
83%
peur
83%
Paris
82%
Pour
82%
brin
81%
cours
81%
dernière
81%
douleur
81%
remue
81%
suis
79%
recommence
77%
sans
77%
Sans
77%
Une
77%
une
77%
bruit
76%
m'abandonne
75%
mon
74%
ne
74%
vole
74%
métro
71%
vie
71%
est
70%
m'envole
70%
Pourquoi
70%
Tu
70%
ce
69%
immense
69%
que
69%
Que
69%
qu'un
69%
seule
69%
peine
68%
déambule
67%
importance
67%
être
66%
en
63%
lui
62%
oublier
61%
tour
61%
paro
57%
toi
57%
s'acharner
54%
veux
54%
Est-ce
53%
recommences
53%
n'est
52%
du
50%
qui
50%
cette
49%
m'enfuir
49%
sens
49%
monde
47%
Vient
47%
enfant
46%
d'espérance
45%
les
45%
cœur
44%
ton
44%
vide
44%
absence
43%
comme
42%
beau
40%
décor
40%
Sur
40%
toutes
38%
brille
37%
chemin
35%
payé
35%
Dont
33%
offenses
29%
trimer
29%
Écoute
28%
Aucun quiz correspondant
Distribution des résultats
% des personnes avec chaque résultat
Percentile par nombre de réponses
Votre historique - résultats
Vous n’avez pas pris ce quiz